000
00324nam a2200121 a 4500
001
4043
005
20140414131905.0
008
081121s19uu xx 00 eng d
050
_a
FIC
_b
Sp3 1996
100
_a
Speregen, Devra Newberger
245
_a
Stephanie :
_b
Wish upon a VCR /
_c
Devra Newberger Speregen.
999
_c
110892
_d
110892